000 01675cam a2200337 a 4500
001 1957
003 FISKH
005 20231020144807.0
008 000512s1999 nyua b 000 1 eng
010 _a 00503906
020 _a0439221285
040 _aDLC
_cDLC
_beng
041 1 _aeng
_hger
042 _alcac
050 0 0 _aPZ7.P448558
_bMak 1999
082 0 0 _a833.914
_221
100 1 _aPfister, Marcus.
245 1 0 _aMake a wish, Honey Bear! /
_cMarcus Pfister ; translated by Sibylle Kazeroid.
260 _aNew York :
_bScholastic,
_c1999.
300 _a32 unnumbered pages :
_bcolor illustrations ;
_c29 cm
505 _aG
520 _aIt is Honey Bear's birthday, but it seems as if everyone except his mother has forgotten. Then Mother calls Honey Bear into the clearing and, ""Surprise!"" there is his whole family and his very best friend singing ""Happy Birthday"" to him! Mother brings out a beautiful cake. ""Blow out the candles, Honey Bear,"" she says. ""And don't forget to make a wish."" What should Honey Bear wish for? They all offer different suggestions that reflect their affection for Honey Bear and their particular relationship to him, and they are all good wishes. What will Honey Bear decide?From the creator of the bestselling Rainbow Fish books comes a sweet and simple story about a lucky little bear who discovers just how much he is loved.
521 8 _a410
_bLexile
521 8 _aG
_bRaz-Plus
650 1 _aBears
_vFiction.
650 1 _aWishes
_vFiction.
650 1 _aBirthdays
_vFiction.
700 1 _aKazeroid, Sibylle,
_eillustrator
906 _a7
_bcbc
_corignew
_d2
_encip
_f20
_gy-gencatlg
942 _2ddc
_cBK
_n0
999 _c1957
_d1957